| 000 | 00433nam a2200145 i 4500 | ||
|---|---|---|---|
| 001 | 99666 | ||
| 003 | ES-MaACL | ||
| 007 | t| | ||
| 008 | 050914s1946 sp ||||1| spa d | ||
| 100 | 1 |
_aMartínez Alvarez de Sotomayor, José. _977851 |
|
| 245 | 1 | 0 |
_aMísticas _b: Poesías / _cJ. M. Alvarez de Sotomayor. |
| 260 |
_aMadrid : _b[s.n.], _c1946 ( _fImp. de Madrid) |
||
| 300 |
_a181 p. ; _c20 cm. |
||
| 852 |
_aES-MaACL _jE-2036 _bR.22955 |
||
| 999 |
_c99666 _d99666 |
||